01012 2200313 4500001002100000005001500021035002000036007000300056008004100059020002200100082001400122084001600136100004100152245008500193250003300278300005600311650004800367504003300415264005600448336002100504337003000525338002300555040002200578090002200600850001200622999002200634990002200656990002000678INLIS00000000086156420210624023746 a0010-0621001099ta210624s2021 yoia g | eng d a978-623-6103-03-604223a388.4 a388.4 SPI r1 aSpillane, James J.d1943-ePengarang14aThe role of air Tanzania :bin air transport in East Africa /cJames J. Spillane aFirst edition, February 2021 axiv, 175 halaman :bgambar berwarna, tabel ;c23 cm 4aPesawat terbang--xIndustri dan perdagangan aBibliografi: halaman 137-16531aYogyakarta :bSanata Dharma University Press,c2021 2rdacontentateks 2rdamediaatanpa perantara 2rdacarrieravolume aYOPDYOGbinderda aCB-D.11 2021-0315 aYOPDYOG aCB-D.11/2021-0315 aCB-D.11/2021-0315 a66995-PD/A.2021